000 00496nam a22001937a 4500
003 NUST - PNEC
005 20170116180801.0
008 150414b xxu||||| |||| 00| 0 eng d
020 _a-
040 _cLIBRARY
082 _a320.95 SAF
100 _92570
_aMahmood Safdar
245 _aPolitical Study Of Pakistan
_cSafdar Mahmood
250 _a1st ed
260 _alahhore
_bEducational Book Company
_cc1984.
300 _a263p. :
650 _92571
_aPolitical
_xGeneral
942 _2ddc
_cBK
999 _c62985
_d62985